[Event "?"]
[Site "?"]
[Date "????.??.??"]
[Round "?"]
[White "Goy, U."]
[Black "Walter, G."]
[Result "1/2-1/2"]
[WhiteElo "2232"]
[BlackElo "2281"]
[PlyCount "22"]
[EventDate "2010.??.??"]
[WhiteTeam "Mattadore Rheinld"]
[BlackTeam "Brandenburg"]

1. d4 Nf6 2. c4 c5 3. e3 g6 4. Nf3 Bg7 5. Be2 O-O 6. O-O cxd4 7. exd4 d5 8. Nc3
Nc6 9. h3 Be6 10. c5 Ne4 11. Be3 Nxc5 1/2-1/2

[Event "?"]
[Site "?"]
[Date "????.??.??"]
[Round "?"]
[White "Tröger, R."]
[Black "Krebs, D."]
[Result "0-1"]
[WhiteElo "2159"]
[BlackElo "2123"]
[PlyCount "138"]
[EventDate "2010.??.??"]
[WhiteTeam "Brandenburg"]
[BlackTeam "Mattadore Rheinld"]

1. Nf3 c5 2. g3 Nc6 3. Bg2 g6 4. O-O Bg7 5. e4 e6 6. Re1 Nge7 7. c4 O-O 8. Nc3
a6 9. d3 d6 10. Be3 Nd4 11. Ne2 Nxf3+ 12. Bxf3 Bxb2 13. Rb1 Bg7 14. Rb3 Nc6 15.
Qd2 Ne5 16. Bg2 Ng4 17. Bf4 e5 18. Bg5 f6 19. Be3 Nxe3 20. Qxe3 Rb8 21. Reb1
Qc7 22. Nc3 Be6 23. h3 b5 24. Bf1 b4 25. Nd5 Bxd5 26. cxd5 a5 27. Qc1 f5 28.
Be2 Qe7 29. R3b2 f4 30. Bg4 Bh6 31. Qe1 fxg3 32. fxg3 Qg5 33. Kg2 Qe3 34. Qxe3
Bxe3 35. Bd7 Rb7 36. Be6+ Kg7 37. a4 Rbb8 38. Re2 Bd4 39. Bd7 b3 40. Bb5 b2 41.
Rbxb2 Bxb2 42. Rxb2 Rf7 43. g4 Rf4 44. g5 h6 45. gxh6+ Kxh6 46. Rd2 Rb7 47. Kg3
Kg5 48. Rg2 Rbf7 49. Be8 R7f6 50. Kh2+ Kh6 51. Bb5 Rf2 52. Rxf2 Rxf2+ 53. Kg3
Rf4 54. Ba6 Kg5 55. Bb5 Rf7 56. Ba6 Rc7 57. Bc4 Rb7 58. Bb5 Rb8 59. Kf3 Kh4 60.
Kg2 g5 61. Kh2 g4 62. hxg4 Kxg4 63. Kg2 Kf4 64. Kf2 Rh8 65. Ke2 Rh2+ 66. Kd1
Ke3 67. Kc1 Kd4 68. Kd1 Kc3 69. Ke1 Rd2 0-1

[Event "?"]
[Site "?"]
[Date "????.??.??"]
[Round "?"]
[White "Neumann, H."]
[Black "Skorna, U."]
[Result "1-0"]
[WhiteElo "1982"]
[BlackElo "2101"]
[PlyCount "87"]
[EventDate "2010.??.??"]
[WhiteTeam "Mattadore Rheinld"]
[BlackTeam "Brandenburg"]

1. d4 e6 2. Nf3 Nf6 3. Bg5 Be7 4. Nbd2 d5 5. e3 O-O 6. Bd3 h6 7. Bh4 Nbd7 8.
Rc1 b6 9. Qe2 Bb7 10. Ba6 Bxa6 11. Qxa6 c5 12. c4 cxd4 13. exd4 Ne4 14. Bxe7
Qxe7 15. O-O Nxd2 16. Nxd2 Qb4 17. Rc2 Rfc8 18. a3 Qe7 19. Rfc1 dxc4 20. Rxc4
Rxc4 21. Qxc4 Nf6 22. Qc7 Qxc7 23. Rxc7 Nd5 24. Rc1 Kf8 25. Kf1 Ke7 26. g3 h5
27. Ke2 g5 28. Ne4 f6 29. Nc3 Kd6 30. Ne4+ Kd7 31. Kd3 Rg8 32. Nc3 Rc8 33. Rc2
a6 34. Nxd5 Rxc2 35. Nxf6+ Ke7 36. Kxc2 Kxf6 37. Kd3 Kf5 38. f3 h4 39. a4 h3
40. b4 b5 41. a5 e5 42. d5 g4 43. fxg4+ Kxg4 44. d6 1-0

[Event "?"]
[Site "?"]
[Date "????.??.??"]
[Round "?"]
[White "Bernhöft, E."]
[Black "Paulsen, E."]
[Result "1/2-1/2"]
[WhiteElo "2024"]
[BlackElo "1868"]
[PlyCount "29"]
[EventDate "2010.??.??"]
[WhiteTeam "Brandenburg"]
[BlackTeam "Mattadore Rheinld"]

1. g3 c5 2. c4 Nf6 3. Bg2 e6 4. Nc3 Nc6 5. d3 Be7 6. Nf3 O-O 7. O-O d5 8. b3
Bd7 9. h3 a6 10. e4 d4 11. Ne2 e5 12. Nh2 h5 13. f4 exf4 14. gxf4 Qc8 15. Rf3
1/2-1/2

[Event "?"]
[Site "?"]
[Date "????.??.??"]
[Round "?"]
[White "Böhnisch, M."]
[Black "Ghijsen, P."]
[Result "1/2-1/2"]
[WhiteElo "2337"]
[BlackElo "2171"]
[PlyCount "97"]
[EventDate "2010.??.??"]
[WhiteTeam "Leipzig"]
[BlackTeam "V.A.S. Amsterdam"]

1. e4 c5 2. Nf3 e6 3. c3 d5 4. exd5 Qxd5 5. d4 Nf6 6. Na3 cxd4 7. Nb5 Qd8 8.
Nbxd4 Be7 9. Bd3 O-O 10. Qc2 Nbd7 11. Qe2 a6 12. g4 Re8 13. g5 Nh5 14. Bc2 g6
15. h4 Bd6 16. Be3 Qc7 17. O-O-O Ne5 18. Nxe5 Bxe5 19. Nf3 Bg7 20. Nh2 e5 21.
Ng4 Be6 22. Bb3 Bxb3 23. axb3 Rad8 24. Qc4 Qxc4 25. bxc4 f5 26. gxf6 Bxf6 27.
Bg5 Kf7 28. Rhe1 Rxd1+ 29. Rxd1 Bxg5+ 30. hxg5 Ke6 31. Nxe5 Kf5 32. Nf7 Re7 33.
Rd5+ Kf4 34. Nd8 Ng7 35. c5 Nf5 36. c6 bxc6 37. Nxc6 Re2 38. Rd7 Rxf2 39. Re7
Kxg5 40. Ra7 Kh4 41. Ne5 g5 42. Rxa6 g4 43. Ra4 Nh6 44. Rd4 Kg5 45. Nxg4 Nxg4
46. Rd2 Rxd2 47. Kxd2 Kf5 48. Kd3 Ke5 49. Kc4 1/2-1/2

[Event "?"]
[Site "?"]
[Date "????.??.??"]
[Round "?"]
[White "Jongsma, A."]
[Black "Weber, B."]
[Result "1/2-1/2"]
[WhiteElo "2184"]
[BlackElo "2139"]
[PlyCount "57"]
[EventDate "2010.??.??"]
[WhiteTeam "V.A.S. Amsterdam"]
[BlackTeam "Leipzig"]

1. e4 e5 2. Nf3 Nc6 3. Bb5 a6 4. Ba4 d6 5. O-O Bg4 6. h3 Bd7 7. c4 g6 8. d4 Bg7
9. Be3 Nge7 10. d5 Nb8 11. Nc3 b6 12. b4 a5 13. a3 O-O 14. c5 Bxa4 15. Qxa4 Nd7
16. cxd6 cxd6 17. Qb5 h6 18. Nd2 Nc8 19. Nc4 f5 20. bxa5 bxa5 21. Qc6 Ne7 22.
Qxd6 Rf6 23. Bb6 Qe8 24. Qc7 Rc8 25. Nd6 Rxc7 26. Nxe8 Rxc3 27. Nxf6+ Bxf6 28.
Bxa5 Rc4 29. Rac1 1/2-1/2

[Event "?"]
[Site "?"]
[Date "????.??.??"]
[Round "?"]
[White "Holsteijn, G."]
[Black "Braun, G."]
[Result "0-1"]
[WhiteElo "2008"]
[BlackElo "2215"]
[PlyCount "76"]
[EventDate "2010.??.??"]
[WhiteTeam "V.A.S. Amsterdam"]
[BlackTeam "Leipzig"]

1. d4 d6 2. Nf3 Nf6 3. c4 Nc6 4. Bf4 Nh5 5. Bg5 h6 6. Bh4 g5 7. Bg3 Bg7 8. e3
Nxg3 9. hxg3 e5 10. d5 e4 11. Nc3 exf3 12. dxc6 bxc6 13. Qxf3 Bd7 14. Rc1 O-O
15. Bd3 Qb8 16. Qe2 Qb4 17. Kf1 Rab8 18. Nb1 Rfe8 19. b3 a5 20. Bc2 Qc5 21. Qd3
f5 22. Nc3 Qe5 23. Ne2 c5 24. Re1 Re7 25. Ng1 Qc3 26. Ne2 Qxd3 27. Bxd3 a4 28.
Bc2 axb3 29. axb3 Ra8 30. Nc1 Ra1 31. Ke2 Re8 32. Rd1 Rea8 33. e4 Re8 34. Kf3
Bc6 35. Rhe1 Bc3 36. Ne2 Bxe1 37. Rxa1 Bd7 38. Ra7 g4+ 0-1

[Event "?"]
[Site "?"]
[Date "????.??.??"]
[Round "?"]
[White "Goldberg, V."]
[Black "Eichner, C."]
[Result "1-0"]
[WhiteElo "2141"]
[BlackElo "2145"]
[PlyCount "123"]
[EventDate "2010.??.??"]
[WhiteTeam "BSW Lok Dresden"]
[BlackTeam "SV TuR Dresden"]

1. e4 e5 2. Bc4 Nf6 3. d3 Bc5 4. Nf3 Nc6 5. c3 a6 6. Bb3 d6 7. O-O h6 8. Re1
Bg4 9. h3 Bh5 10. Nbd2 O-O 11. Nf1 Qd7 12. Ng3 Bg6 13. Nh4 Kh7 14. Ngf5 Ne7 15.
g4 Bxf5 16. exf5 g5 17. fxg6+ fxg6 18. d4 Bb6 19. Bc2 e4 20. Bxe4 Nxe4 21. Rxe4
d5 22. Re2 Rae8 23. Qd3 Rf6 24. Bd2 c5 25. Rae1 Bd8 26. Qe3 g5 27. Qd3+ Kg7 28.
Nf5+ Nxf5 29. Rxe8 c4 30. Qe2 Nh4 31. f4 gxf4 32. Re7+ Bxe7 33. Qxe7+ Qxe7 34.
Rxe7+ Kf8 35. Re2 Kf7 36. Be1 Nf3+ 37. Kf1 Ng5 38. Bh4 Re6 39. Rxe6 Kxe6 40.
Kg2 Kf6 41. Be1 Kg6 42. h4 Ne6 43. Bd2 h5 44. Kf3 b5 45. Bxf4 Ng7 46. Bc1 Ne6
47. Bd2 Kf6 48. gxh5 Kf5 49. h6 Nf8 50. Bg5 Nh7 51. Bf4 Nf8 52. Be5 Nh7 53. Bg7
a5 54. a3 a4 55. Be5 Nf8 56. Bh8 Ne6 57. Bg7 Kg6 58. Kg4 Nd8 59. h5+ Kf7 60.
Be5 Kg8 61. Kf5 Nf7 62. Kg6 1-0

[Event "?"]
[Site "?"]
[Date "????.??.??"]
[Round "?"]
[White "Winter, K."]
[Black "Eskandary, J."]
[Result "1-0"]
[WhiteElo "2077"]
[BlackElo "2139"]
[PlyCount "65"]
[EventDate "2010.??.??"]
[WhiteTeam "SV TuR Dresden"]
[BlackTeam "BSW Lok Dresden"]

1. c4 e5 2. Nc3 Nc6 3. Nf3 Bc5 4. g3 d6 5. Bg2 Be6 6. d3 f6 7. O-O a5 8. e3 Ba7
9. b3 Qd7 10. d4 Bh3 11. Ba3 Bxg2 12. Kxg2 Nge7 13. Qd2 exd4 14. exd4 O-O 15.
Rad1 Rfe8 16. Nb5 d5 17. Rfe1 a4 18. Qf4 Bb8 19. Re2 axb3 20. axb3 Ng6 21.
Rxe8+ Qxe8 22. Qf5 Nce7 23. Qe6+ Qf7 24. Qd7 dxc4 25. bxc4 Qf8 26. Re1 Kf7 27.
Qe6+ Ke8 28. Qc8+ Kf7 29. Qxb7 Ra4 30. Bxe7 Nxe7 31. Qe4 Qd8 32. d5 g6 33. Qe6+
1-0

[Event "?"]
[Site "?"]
[Date "????.??.??"]
[Round "?"]
[White "James, G."]
[Black "Schmidt, M."]
[Result "1-0"]
[WhiteElo "2203"]
[BlackElo "2128"]
[PlyCount "49"]
[EventDate "2010.??.??"]
[WhiteTeam "England 1"]
[BlackTeam "Dresden-Striesen"]

1. e4 e6 2. Nc3 d5 3. Nf3 Bb4 4. a3 Bxc3 5. dxc3 dxe4 6. Qxd8+ Kxd8 7. Ng5 Ke7
8. Nxe4 b6 9. Bf4 Bb7 10. Bd3 f5 11. Nd2 c5 12. O-O Nf6 13. Rfe1 Kf7 14. Nc4
Ne8 15. Ne5+ Kf6 16. h4 h6 17. h5 Nc6 18. Ng6 Rg8 19. Rxe6+ Kxe6 20. Bc4+ Kf6
21. Bxg8 Nc7 22. Bc4 Ne6 23. Bg3 f4 24. Nxf4 Nxf4 25. Bxf4 1-0

[Event "?"]
[Site "?"]
[Date "????.??.??"]
[Round "?"]
[White "Deppe, C."]
[Black "Norman, K."]
[Result "1/2-1/2"]
[WhiteElo "1931"]
[BlackElo "2172"]
[PlyCount "57"]
[EventDate "2010.??.??"]
[WhiteTeam "Dresden-Striesen"]
[BlackTeam "England 1"]

1. f4 Nf6 2. Nf3 g6 3. e3 Bg7 4. Be2 O-O 5. O-O c5 6. d3 d5 7. Qe1 Nc6 8. Qh4
e6 9. Nbd2 b6 10. g4 Nd7 11. Qg3 f5 12. Ng5 Nf6 13. gxf5 exf5 14. Ndf3 Qe7 15.
Ne5 Nxe5 16. fxe5 Ng4 17. Bxg4 Qxg5 18. Bf3 Qxg3+ 19. hxg3 Be6 20. d4 c4 21.
Bd2 Bh6 22. c3 g5 23. Kg2 g4 24. Be2 Kg7 25. Rh1 Bg5 26. Rh2 Kg6 27. Rah1 h6
28. Bd1 Rh8 29. Rh5 1/2-1/2

[Event "?"]
[Site "?"]
[Date "????.??.??"]
[Round "?"]
[White "Scholes, J."]
[Black "Barz, H."]
[Result "1/2-1/2"]
[WhiteElo "2115"]
[BlackElo "2030"]
[PlyCount "73"]
[EventDate "2010.??.??"]
[WhiteTeam "England 1"]
[BlackTeam "Dresden-Striesen"]

1. c4 Nf6 2. Nc3 d6 3. g3 g6 4. Bg2 Bg7 5. h3 e5 6. e4 O-O 7. d3 c6 8. Nge2 a6
9. O-O Ne8 10. Be3 Be6 11. b3 c5 12. Qd2 Nc6 13. Nd5 b5 14. Bh6 Ra7 15. Bxg7
Kxg7 16. f4 f6 17. Rf2 Rff7 18. f5 Bc8 19. g4 g5 20. Bf3 h6 21. Rh2 Rf8 22. Kf2
Qa5 23. Qxa5 Nxa5 24. Rah1 Nc6 25. Rb1 Rb7 26. h4 Rbf7 27. Ke3 Rb7 28. Rbh1
gxh4 29. Rxh4 Nb4 30. Nxb4 cxb4 31. Rc1 Bd7 32. Rhh1 Rc7 33. cxb5 Bxb5 34.
Rxc7+ Nxc7 35. Rc1 Rc8 36. Kd2 Bd7 37. d4 1/2-1/2

[Event "?"]
[Site "?"]
[Date "????.??.??"]
[Round "?"]
[White "Wünsch, U."]
[Black "Krieger, H."]
[Result "0-1"]
[WhiteElo "2101"]
[BlackElo "2257"]
[PlyCount "74"]
[EventDate "2010.??.??"]
[WhiteTeam "Dresdner Springer"]
[BlackTeam "Pfalz"]

1. d4 f5 2. Nf3 g6 3. Nc3 Nf6 4. Bg5 Bg7 5. Bxf6 Bxf6 6. e4 fxe4 7. Nxe4 Bg7 8.
Be2 O-O 9. O-O b6 10. c3 Bb7 11. Qc2 e6 12. Rad1 Nc6 13. a3 Ne7 14. c4 Rf4 15.
Nc3 Qf8 16. Qb3 Nf5 17. d5 c5 18. Nb5 exd5 19. cxd5 Re8 20. Bd3 Rxf3 21. gxf3
Nh4 22. Be4 Be5 23. Qe3 Bf4 24. Qc3 Qh6 25. Rfe1 Qg5+ 26. Kf1 a6 27. Na7 Qg2+
28. Ke2 Nxf3 29. Kd3 Nxe1+ 30. Qxe1 Qg5 31. Kc2 Bb8 32. Nc6 dxc6 33. dxc6 Bxc6
34. Bd5+ Kf8 35. Qc3 Bxd5 36. Qh8+ Bg8 37. Rd7 Qf5+ 0-1

[Event "?"]
[Site "?"]
[Date "????.??.??"]
[Round "?"]
[White "Kelchner, H."]
[Black "Hampel, J."]
[Result "1-0"]
[WhiteElo "2193"]
[BlackElo "2126"]
[PlyCount "85"]
[EventDate "2010.??.??"]
[WhiteTeam "Pfalz"]
[BlackTeam "Dresdner Springer"]

1. d4 d5 2. Bf4 c5 3. e3 e6 4. c3 Nf6 5. Nd2 Be7 6. Bd3 Nbd7 7. h3 O-O 8. Ngf3
b6 9. Ne5 Bb7 10. Qb1 h6 11. a4 a6 12. O-O Nxe5 13. Bxe5 Bd6 14. f4 Qe7 15. Qd1
Ne4 16. Bxe4 dxe4 17. Nc4 Bc7 18. Bxc7 Qxc7 19. Qb3 Bd5 20. Qxb6 Qe7 21. Ne5
Rfb8 22. Qxc5 Qxc5 23. dxc5 f6 24. Nd7 Rxb2 25. Nb6 Rb8 26. c4 Bc6 27. Rfd1 Re2
28. Ra3 Kf8 29. Rd6 Be8 30. Rxe6 Rd8 31. Rd6 Rxd6 32. cxd6 Bc6 33. Rc3 Rd2 34.
c5 Ke8 35. Nc8 g5 36. fxg5 hxg5 37. Ne7 Kd7 38. Rc4 Rd3 39. Nxc6 Kxc6 40. Rd4
Rxd4 41. exd4 f5 42. g3 e3 43. Kf1 1-0

[Event "?"]
[Site "?"]
[Date "????.??.??"]
[Round "?"]
[White "Mückan, F."]
[Black "Bold, K."]
[Result "0-1"]
[WhiteElo "2059"]
[BlackElo "2149"]
[PlyCount "55"]
[EventDate "2010.??.??"]
[WhiteTeam "Dresdner Springer"]
[BlackTeam "Pfalz"]

1. e4 c6 2. Nf3 d5 3. exd5 cxd5 4. d4 Bg4 5. Bd3 Nc6 6. c3 e6 7. Nbd2 Bd6 8.
Qa4 Qc7 9. h3 Bh5 10. g4 Bg6 11. Bxg6 hxg6 12. Nf1 Nf6 13. g5 Ne4 14. Be3 Bf4
15. Ke2 Rh5 16. h4 O-O-O 17. Rg1 Rdh8 18. Rg4 Bxe3 19. Nxe3 Qb6 20. Qc2 Kb8 21.
Rgg1 Qa6+ 22. Ke1 Rc8 23. Qe2 Qb6 24. Ng2 Rhh8 25. Nd2 Qxb2 26. Rd1 Nxc3 27.
Qf3 Nxd1 28. Qxd1 0-1

[Event "?"]
[Site "?"]
[Date "????.??.??"]
[Round "?"]
[White "Carlsten, P."]
[Black "Taksrud, V."]
[Result "1-0"]
[WhiteElo "2133"]
[BlackElo "2109"]
[PlyCount "73"]
[EventDate "2010.??.??"]
[WhiteTeam "Schweden 2"]
[BlackTeam "Norwegen 2"]

1. e4 c5 2. Nf3 Nc6 3. d4 cxd4 4. Nxd4 g6 5. Nc3 Bg7 6. Be3 Nf6 7. Bc4 O-O 8.
Bb3 Ng4 9. Qxg4 Nxd4 10. Qd1 Nxb3 11. axb3 b6 12. O-O Bb7 13. Qd2 f5 14. f3 d6
15. Bh6 Bxh6 16. Qxh6 f4 17. Qh4 a5 18. Rfd1 b5 19. Ne2 Qb6+ 20. Qf2 Qc7 21.
Nd4 Rfc8 22. Rd2 Qd7 23. Rad1 Rc5 24. Ne2 Rac8 25. Nxf4 Qc6 26. Nd5 Qe8 27. b4
axb4 28. Nxb4 Qf7 29. Nd3 R5c7 30. c3 d5 31. exd5 Qxd5 32. Nf4 Qb3 33. Qe2 Qf7
34. Ne6 h6 35. Rd8+ Kh7 36. Nxc7 Rxc7 37. Qe5 1-0

[Event "?"]
[Site "?"]
[Date "????.??.??"]
[Round "?"]
[White "Steedman, J."]
[Black "Wahlund, B."]
[Result "1/2-1/2"]
[WhiteElo "2141"]
[BlackElo "2095"]
[PlyCount "34"]
[EventDate "2010.??.??"]
[WhiteTeam "Norwegen 2"]
[BlackTeam "Schweden 2"]

1. d4 d5 2. c4 e6 3. Nc3 f5 4. Nf3 Nf6 5. e3 c6 6. Bd3 Bd6 7. O-O O-O 8. b3
Nbd7 9. Bb2 Ne4 10. Qc2 Rf6 11. Ne2 Rh6 12. g3 Qe8 13. Kg2 Qh5 14. h4 Ndf6 15.
Nf4 Qe8 16. Ne5 Nh5 17. Be2 Nxf4+ 1/2-1/2

[Event "?"]
[Site "?"]
[Date "????.??.??"]
[Round "?"]
[White "Wademark, H."]
[Black "Kverndal, L."]
[Result "1-0"]
[WhiteElo "2083"]
[BlackElo "1974"]
[PlyCount "93"]
[EventDate "2010.??.??"]
[WhiteTeam "Schweden 2"]
[BlackTeam "Norwegen 2"]

1. e4 c5 2. Nc3 Nc6 3. f4 g6 4. Nf3 Bg7 5. Bb5 e6 6. Bxc6 bxc6 7. d3 Ne7 8. O-O
O-O 9. Qe1 d5 10. Qf2 d4 11. Ne2 f5 12. e5 Qb6 13. c3 dxc3 14. Nxc3 Nd5 15. Na4
Qb5 16. Nxc5 Rd8 17. d4 Bf8 18. a4 Qb6 19. a5 Qb5 20. Bd2 Bxc5 21. dxc5 h6 22.
b4 Re8 23. Nd4 Qb7 24. Qh4 Qg7 25. Nxc6 Ba6 26. Rfe1 Bd3 27. Nd4 Be4 28. b5 g5
29. Qg3 gxf4 30. Qxg7+ Kxg7 31. b6 axb6 32. axb6 Nxb6 33. cxb6 Rab8 34. Ra6 Kg6
35. Bxf4 Kh5 36. h4 Rg8 37. g3 Rge8 38. Rc1 Bd3 39. Ra3 Be4 40. Rb3 Bd5 41. Rb5
Kg6 42. Nc6 Rb7 43. Nb4 Be4 44. Rc7 Reb8 45. Rxb7 Rxb7 46. Be3 Bb1 47. Nc6 1-0

[Event "?"]
[Site "?"]
[Date "????.??.??"]
[Round "?"]
[White "Birkestrand, O."]
[Black "Andersson, S."]
[Result "1/2-1/2"]
[WhiteElo "1915"]
[BlackElo "2068"]
[PlyCount "38"]
[EventDate "2010.??.??"]
[WhiteTeam "Norwegen 2"]
[BlackTeam "Schweden 2"]

1. e4 c5 2. c3 g6 3. Nf3 Bg7 4. d4 cxd4 5. cxd4 d6 6. Bb5+ Bd7 7. Qa4 Bxb5 8.
Qxb5+ Qd7 9. Nc3 a6 10. Qb3 Nc6 11. Be3 b5 12. Nd5 Rb8 13. Rc1 Nf6 14. e5 dxe5
15. Nxe5 Qxd5 16. Qxd5 Nxd5 17. Nxc6 Rc8 18. Ke2 O-O 19. Rc5 e6 1/2-1/2

[Event "?"]
[Site "?"]
[Date "????.??.??"]
[Round "?"]
[White "Wiemer, J."]
[Black "Werchan, H."]
[Result "1-0"]
[WhiteElo "2136"]
[BlackElo "2149"]
[PlyCount "63"]
[EventDate "2010.??.??"]
[WhiteTeam "Mecklenburg-Vorp.1"]
[BlackTeam "Ottonen Magdeburg"]

1. e4 c5 2. c3 d5 3. exd5 Qxd5 4. Nf3 Bg4 5. Be2 Nf6 6. d4 e6 7. Be3 cxd4 8.
cxd4 Bb4+ 9. Nc3 Nbd7 10. O-O Bxc3 11. bxc3 O-O 12. c4 Qd6 13. h3 Bh5 14. c5
Qc7 15. Bg5 Ne4 16. Qc1 Nxg5 17. Qxg5 Bg6 18. a4 h6 19. Qe3 b6 20. Rfc1 bxc5
21. dxc5 Nf6 22. Nd4 Be4 23. Nb5 Qe7 24. Ra3 Bc6 25. Nd4 Rac8 26. Nf5 Qc7 27.
Nxh6+ Kh8 28. Ng4 Nd7 29. Qg5 f5 30. Qh5+ Kg8 31. Nh6+ gxh6 32. Qg6+ 1-0

[Event "?"]
[Site "?"]
[Date "????.??.??"]
[Round "?"]
[White "Andreas, G."]
[Black "Krüger, G."]
[Result "1/2-1/2"]
[WhiteElo "1990"]
[BlackElo "2019"]
[PlyCount "28"]
[EventDate "2010.??.??"]
[WhiteTeam "Ottonen Magdeburg"]
[BlackTeam "Mecklenburg-Vorp.1"]

1. e4 c5 2. Nf3 Nc6 3. c3 d5 4. exd5 Qxd5 5. d3 Bg4 6. Be2 Rd8 7. h3 Bf5 8. O-O
Bxd3 9. Bxd3 Qxd3 10. Qa4 Qd7 11. Bf4 f6 12. Na3 e5 13. Rad1 Qc8 14. Rxd8+ Qxd8
1/2-1/2

[Event "?"]
[Site "?"]
[Date "????.??.??"]
[Round "?"]
[White "Schroeder, C."]
[Black "Graßmann, H."]
[Result "1/2-1/2"]
[WhiteElo "2071"]
[BlackElo "1964"]
[PlyCount "42"]
[EventDate "2010.??.??"]
[WhiteTeam "Mecklenburg-Vorp.1"]
[BlackTeam "Ottonen Magdeburg"]

1. c4 Nf6 2. d4 e6 3. Nf3 d5 4. Nc3 Be7 5. Bg5 O-O 6. e3 h6 7. Bh4 b6 8. cxd5
Nxd5 9. Bxe7 Qxe7 10. Rc1 Nf6 11. Bd3 Ba6 12. O-O c5 13. Bxa6 Nxa6 14. Qa4 Qb7
15. Rfd1 cxd4 16. exd4 Nc7 17. b4 a6 18. Ne5 Ncd5 19. Nxd5 Nxd5 20. Rc2 Rac8
21. Rdc1 Rxc2 1/2-1/2

[Event "?"]
[Site "?"]
[Date "????.??.??"]
[Round "?"]
[White "Oldach, E."]
[Black "Limberg, S."]
[Result "1-0"]
[WhiteElo "2070"]
[BlackElo "2152"]
[PlyCount "43"]
[EventDate "2010.??.??"]
[WhiteTeam "Mecklenburg-Vorp 2"]
[BlackTeam "Hessen 2"]

1. e4 c5 2. Nf3 e6 3. d4 cxd4 4. Nxd4 Nf6 5. Nc3 d6 6. Bc4 a6 7. O-O b5 8. Bb3
b4 9. Na4 Nxe4 10. Re1 d5 11. Bf4 Bb7 12. Qh5 g6 13. Qe2 Nf6 14. Nxe6 fxe6 15.
Qxe6+ Be7 16. Qxf6 Rf8 17. Qh4 Nd7 18. Bg5 Rf7 19. Qxb4 Bc6 20. Qd4 Qa5 21. Nc3
Kd8 22. Rxe7 1-0

[Event "?"]
[Site "?"]
[Date "????.??.??"]
[Round "?"]
[White "Thieme, H."]
[Black "Kühn, P."]
[Result "1/2-1/2"]
[WhiteElo "2128"]
[BlackElo "2019"]
[PlyCount "48"]
[EventDate "2010.??.??"]
[WhiteTeam "Hessen 2"]
[BlackTeam "Mecklenburg-Vorp 2"]

1. e4 c5 2. Nf3 Nc6 3. d4 cxd4 4. Nxd4 Nf6 5. Nc3 e5 6. Ndb5 d6 7. Bg5 a6 8.
Na3 b5 9. Nd5 Be7 10. Bxf6 Bxf6 11. c4 b4 12. Nc2 a5 13. Be2 O-O 14. O-O Bg5
15. Qd3 Kh8 16. Bf3 Rb8 17. b3 g6 18. a3 bxa3 19. Rxa3 f5 20. Rd1 fxe4 21. Bxe4
Bf5 22. Nde3 Bxe4 23. Qxe4 Bxe3 24. Qxe3 Qf6 1/2-1/2

[Event "?"]
[Site "?"]
[Date "????.??.??"]
[Round "?"]
[White "Segebarth, B."]
[Black "Biller, H."]
[Result "1/2-1/2"]
[WhiteElo "1930"]
[BlackElo "2158"]
[PlyCount "35"]
[EventDate "2010.??.??"]
[WhiteTeam "Mecklenburg-Vorp 2"]
[BlackTeam "Hessen 2"]

1. e4 e6 2. d4 d5 3. Nd2 c5 4. Ngf3 Nc6 5. Bb5 Nf6 6. exd5 exd5 7. Qe2+ Be7 8.
dxc5 O-O 9. Nb3 Re8 10. O-O Bxc5 11. Qd3 Bb6 12. Bg5 a6 13. Ba4 h6 14. Bh4 Re4
15. Bxc6 bxc6 16. Nbd2 Re6 17. Nd4 Rd6 18. Bg3 1/2-1/2

[Event "?"]
[Site "?"]
[Date "????.??.??"]
[Round "?"]
[White "Villing, D."]
[Black "Morant, P."]
[Result "0-1"]
[WhiteElo "2209"]
[BlackElo "2194"]
[PlyCount "90"]
[EventDate "2010.??.??"]
[WhiteTeam "Stiftg BSW/DBAG 3"]
[BlackTeam "TuTS"]

1. e4 c5 2. Nc3 a6 3. f4 d6 4. Nf3 Bg4 5. h3 Bxf3 6. Qxf3 Nc6 7. d3 g6 8. g4
Bg7 9. Bg2 Rb8 10. O-O Bd4+ 11. Kh1 Nf6 12. Ne2 h5 13. g5 Nd7 14. c3 Bg7 15.
Be3 O-O 16. Rad1 Qa5 17. a3 Qa4 18. d4 Qb3 19. Rd2 Na5 20. Nc1 Qb5 21. dxc5 Nc4
22. Re2 Nxc5 23. Bd4 Nxb2 24. Bxg7 Kxg7 25. f5 Nc4 26. f6+ exf6 27. Qxf6+ Kg8
28. e5 Nd7 29. Qf4 dxe5 30. Qh4 Rbd8 31. Bf3 Nd2 32. c4 Qxc4 33. Qxc4 Nxc4 34.
Bxb7 Nc5 35. Rc2 Ne3 36. Rxc5 Nxf1 37. Bxa6 Ng3+ 38. Kg2 h4 39. Rxe5 Ra8 40.
Bb5 Rxa3 41. Nd3 Rd8 42. Nf4 Rd2+ 43. Be2 Nxe2 44. Nxe2 Rg3+ 45. Kh2 Kg7 0-1

[Event "?"]
[Site "?"]
[Date "????.??.??"]
[Round "?"]
[White "Suominen, A."]
[Black "Seyffer, G."]
[Result "1/2-1/2"]
[WhiteElo "1877"]
[BlackElo "2048"]
[PlyCount "27"]
[EventDate "2010.??.??"]
[WhiteTeam "TuTS"]
[BlackTeam "Stiftg BSW/DBAG 3"]

1. d4 Nf6 2. c4 c5 3. Nf3 b6 4. Bf4 d6 5. Nc3 g6 6. d5 Bg7 7. e4 Nbd7 8. Bd3
O-O 9. O-O Nh5 10. Bd2 Re8 11. h3 Nf8 12. Re1 e6 13. Bg5 Qd7 14. Rc1 1/2-1/2

[Event "?"]
[Site "?"]
[Date "????.??.??"]
[Round "?"]
[White "Nettesheim, Karl-Wolfgang"]
[Black "Ketonen, Tapio"]
[Result "1/2-1/2"]
[WhiteElo "1920"]
[BlackElo "1914"]
[PlyCount "129"]
[EventDate "2010.??.??"]
[WhiteTeam "Stiftg BSW/DBAG 3"]
[BlackTeam "TuTS"]

1. d4 Nf6 2. Nf3 g6 3. c4 Bg7 4. Nc3 d6 5. e4 O-O 6. h3 Nbd7 7. Bd3 c6 8. Be3
b6 9. Qd2 Re8 10. O-O e5 11. d5 c5 12. Bg5 Nf8 13. Nh2 a6 14. Ng4 Bxg4 15. hxg4
h6 16. Bxh6 Bxh6 17. Qxh6 Nxg4 18. Qh3 Qg5 19. Be2 Nf6 20. Rad1 Kg7 21. Rd3
N8d7 22. Qg3 Qh6 23. Qh3 Rh8 24. Qxh6+ Rxh6 25. Rh3 Rah8 26. Rxh6 Rxh6 27. g3
Kf8 28. Kg2 Ke7 29. Rb1 Rh8 30. g4 Rb8 31. Rh1 Ne8 32. Rh8 Kf6 33. Kg3 Nc7 34.
Rxb8 Nxb8 35. Kh4 Nd7 36. g5+ Ke7 37. Bg4 Nb8 38. Na4 b5 39. Nb6 Ne8 40. cxb5
axb5 41. Be2 b4 42. Bb5 Kd8 43. Nc4 Nd7 44. f3 Kc7 45. Kg4 Ng7 46. a4 bxa3 47.
bxa3 Nb6 48. Ne3 Nc8 49. a4 Na7 50. Bd3 Ne8 51. Nc4 Ng7 52. f4 exf4 53. Kxf4
Nh5+ 54. Ke3 f6 55. gxf6 Nxf6 56. Kf4 Nd7 57. a5 Nb5 58. Kg5 Nd4 59. Kxg6 Nf3
60. Kf5 Nfe5 61. Nxe5 Nxe5 62. Bb5 c4 63. Ke6 c3 64. Ba4 Nc4 65. a6 1/2-1/2

[Event "?"]
[Site "?"]
[Date "????.??.??"]
[Round "?"]
[White "Almi, O."]
[Black "Mai, H."]
[Result "1/2-1/2"]
[WhiteElo "1792"]
[BlackElo "1933"]
[PlyCount "30"]
[EventDate "2010.??.??"]
[WhiteTeam "TuTS"]
[BlackTeam "Stiftg BSW/DBAG 3"]

1. e4 d5 2. exd5 Qxd5 3. Nc3 Qa5 4. d4 c6 5. Nf3 Nf6 6. Bd3 Bg4 7. h3 Bh5 8.
Be2 Nbd7 9. O-O e6 10. Bd2 Qb6 11. Na4 Qc7 12. c4 Bd6 13. Rc1 O-O 14. Nc3 Qd8
15. Qc2 Rc8 1/2-1/2

[Event "?"]
[Site "?"]
[Date "????.??.??"]
[Round "?"]
[White "Alkkiomaki, J."]
[Black "Hellwege, W."]
[Result "1/2-1/2"]
[WhiteElo "2041"]
[BlackElo "2000"]
[PlyCount "26"]
[EventDate "2010.??.??"]
[WhiteTeam "Turku"]
[BlackTeam "FB Niedersachsen"]

1. e4 c5 2. Nf3 a6 3. d4 cxd4 4. Nxd4 Nf6 5. Nc3 e5 6. Nf3 Bb4 7. Bd3 d5 8.
Nxe5 Qc7 9. f4 Bxc3+ 10. bxc3 Nxe4 11. Bxe4 dxe4 12. Qd4 O-O 13. O-O f5 1/2-1/2

[Event "?"]
[Site "?"]
[Date "????.??.??"]
[Round "?"]
[White "Jürgens, P."]
[Black "Lehtosaari, K."]
[Result "1/2-1/2"]
[WhiteElo "2014"]
[BlackElo "2029"]
[PlyCount "36"]
[EventDate "2010.??.??"]
[WhiteTeam "FB Niedersachsen"]
[BlackTeam "Turku"]

1. d4 d5 2. Bf4 Nf6 3. e3 g6 4. Be2 Bg7 5. Nf3 O-O 6. O-O Nh5 7. Bg5 Nd7 8. c3
Nhf6 9. h3 Ne4 10. Bf4 c6 11. Nbd2 Ndf6 12. Be5 Nd6 13. c4 Be6 14. Ng5 Bf5 15.
c5 Nde4 16. Ndxe4 Nxe4 17. Bxg7 Kxg7 18. Nxe4 Bxe4 1/2-1/2

[Event "?"]
[Site "?"]
[Date "????.??.??"]
[Round "?"]
[White "Ranki, M."]
[Black "Fritsch, J."]
[Result "1/2-1/2"]
[WhiteElo "1927"]
[BlackElo "1949"]
[PlyCount "31"]
[EventDate "2010.??.??"]
[WhiteTeam "Turku"]
[BlackTeam "FB Niedersachsen"]

1. e4 e5 2. Nf3 Nc6 3. Bb5 Bc5 4. O-O Nf6 5. Qe2 d6 6. h3 O-O 7. c3 Bb6 8. d3
Ne7 9. d4 c6 10. Ba4 Ng6 11. Rd1 Qc7 12. Nbd2 exd4 13. Nxd4 Nf4 14. Qf3 Ne6 15.
Nf5 Nc5 16. Bc2 1/2-1/2